000 00614cam a22002053a 4500
001 39446
003 PGUSA
005 20140828083857.0
008 120413s2012||||xxu|||||s|||||000 | eng d
040 _aPGUSA
_beng
042 _adc
100 1 _aStoerk, Felix,
_d1851-1908
245 1 0 _aEl derecho internacional americano :
_bestudio doctrinal y crítico
_h[electronic resource] /
_cFelix Stoerk
260 _bProject Gutenberg,
_c2012
506 _aPublic domain in the USA.
516 _aElectronic text
830 0 _aProject Gutenberg
_v39446
856 4 0 _uhttp://www.gutenberg.org/ebooks/39446
942 _cEB
999 _c268699
_d268699